Next Gen Stats’ Top 120 Receivers from 2022 - Easy Version - Statistics

General Stats
  • This quiz has been taken 13 times
  • The average score is 40 of 120
Answer Stats
# Team Player % Correct
1 MIN Justin Jefferson
100%
3 PHI A.J. Brown
91%
2 MIA Tyreek Hill
91%
10 DET Amon-Ra St. Brown
82%
5 DAL CeeDee Lamb
82%
8 PHI Devonta Smith
82%
32 KC JuJu Smith-Schuster
82%
46 ARI Marquise Brown
82%
73 DAL Noah Brown
82%
4 BUF Stefon Diggs
82%
7 KC Travis Kelce
82%
6 LV Davante Adams
73%
44 ARI DeAndre Hopkins
73%
14 SEA DK Metcalf
73%
18 TB Mike Evans
73%
28 LAC Mike Williams
73%
11 WAS Terry McLaurin
73%
16 SEA Tyler Lockett
73%
31 MIN Adam Thielen
64%
12 CLE Amari Cooper
64%
67 HOU Chris Moore
64%
64 SF Deebo Samuel
64%
23 CAR DJ Moore
64%
89 NYJ Elijah Moore
64%
17 NYJ Garrett Wilson
64%
47 LAC Keenan Allen
64%
61 JAX Marvin Jones Jr.
64%
99 ARI Rondale Moore
64%
30 JAX Zay Jones
64%
19 SF Brandon Aiyuk
55%
26 TB Chris Godwin
55%
34 LAR Cooper Kupp
55%
42 DEN Courtland Sutton
55%
50 WAS Curtis Samuel
55%
43 SF George Kittle
55%
13 CIN Ja’Marr Chase
55%
9 MIA Jaylen Waddle
55%
20 CIN Tee Higgins
55%
113 LAR Allen Robinson II
45%
22 NO Chris Olave
45%
55 GB Christian Watson
45%
71 BAL Demarcus Robinson
45%
36 PIT Diontae Johnson
45%
37 BUF Gabe Davis
45%
69 NO Juwan Johnson
45%
25 MIN T.J. Hockenson
45%
87 NYJ Corey Davis
36%
59 PHI Dallas Goedert
36%
40 PIT George Pickens
36%
98 NE Hunter Henry
36%
29 DEN Jerry Jeudy
36%
24 BAL Mark Andrews
36%
33 GB Allen Lazard
27%
51 HOU Brandin Cooks
27%
88 CHI Chase Claypool
27%
15 JAX Christian Kirk
27%
27 ATL Drake London
27%
53 MIN K.J. Osborn
27%
112 ATL Kyle Pitts
27%
119 WAS Logan Thomas
27%
21 IND Michael Pittman Jr.
27%
101 MIA Mike Gesicki
27%
81 HOU Nico Collins
27%
90 GB Robert Tonyan
27%
97 GB Romeo Doubs
27%
45 CIN Tyler Boyd
27%
56 IND Alec Pierce
18%
62 CLE David Njoku
18%
63 BUF Dawson Knox
18%
80 NE DeVante Parker
18%
109 BAL Devin Duvernay
18%
75 DET DJ Chark
18%
39 JAX Evan Engram
18%
68 LAC Gerald Everett
18%
120 LV Hunter Renfrow
18%
82 DET Kalif Raymond
18%
108 NE Kendrick Bourne
18%
49 PIT Pat Freiermuth
18%
66 TEN Robert Woods
18%
107 TEN Treylon Burks
18%
92 ARI Zach Ertz
18%
96 TEN Austin Hooper
9%
52 NYG Darius Slayton
9%
77 CHI Darnell Mooney
9%
79 LAC DeAndre Carter
9%
41 CLE Donovan Peoples-Jones
9%
94 ARI Greg Dortch
9%
102 DEN Greg Dulcich
9%
65 WAS Jahan Dotson
9%
35 NE Jakobi Meyers
9%
83 DET Josh Reynolds
9%
38 LAC Joshua Palmer
9%
85 DAL Michael Gallup
9%
116 NE Nelson Agholor
9%
78 SEA Noah Fant
9%
115 GB Randall Cobb
9%
91 CAR Terrace Marshall Jr.
9%
76 NYJ Tyler Conklin
9%
70 LAR Tyler Higbee
9%
110 LAR Ben Skowronek
0%
111 TB Cade Otton
0%
103 TEN Chigoziem Okonkwo
0%
72 CHI Cole Kmet
0%
60 DAL Dalton Schultz
0%
118 LV Foster Moreau
0%
105 CIN Hayden Hurst
0%
93 NYG Isaiah Hodgins
0%
114 BAL Isaiah Likely
0%
95 BUF Isaiah McKenzie
0%
106 SF Jauan Jennings
0%
86 HOU Jordan Akins
0%
48 LV Mack Hollins
0%
58 KC Marquez Valdes-Scantling
0%
100 TEN Nick Westbrook-Ikhine
0%
74 ATL Olamide Zaccheaus
0%
54 IND Parris Campbell
0%
117 PHI Quez Watkins
0%
57 NYG Richie James
0%
84 TB Russell Gage
0%
104 MIA Trent Sherfield
0%
No matching quizzes found
Score Distribution
Percent of People with Each Score
Percentile by Number Answered
Your Score History
You have not taken this quiz